[Event "ESP-chT Regional U14"]
[Site "Gijon"]
[Date "2021.06.19"]
[Round "4.2"]
[White "Zubizarreta Landera, Denis"]
[Black "Gallego Pereira, Javier"]
[Result "0-1"]
[WhiteElo "1521"]
[BlackElo "1169"]
[PlyCount "36"]
[EventDate "2021.06.17"]
[EventType "team-swiss"]
[EventRounds "6"]
[EventCountry "ESP"]
[SourceTitle "EXT 2022"]
[Source "ChessBase"]
[SourceDate "2021.10.06"]
[SourceVersion "1"]
[SourceVersionDate "2021.10.06"]
[SourceQuality "1"]
[WhiteTeam "Pais Vasco U14"]
[BlackTeam "Extremadura U14"]
[WhiteTeamCountry "ESP"]
[BlackTeamCountry "ESP"]

1. d4 d5 2. c4 e6 3. Nc3 Nf6 4. cxd5 exd5 5. Qc2 c6 6. Bg5 Be7 7. e3 Be6 8. Bd3 h6 9. Bh4 Nfd7 10. Bg3 c5 11. Nb5 Na6 12. Ne2 c4 13. Bf5 Bb4+ 14. Nec3 0-0 15. 0-0 Qf6 16. Nxd5 Qxf5 17. Ne7+ Bxe7 18. Qa4 Nb6 0-1

[Event "Getxo op 4th"]
[Site "Getxo"]
[Date "2019.09.13"]
[Round "7"]
[White "Zubizarreta Landera, Denis"]
[Black "Galarza Docampo, Karmel"]
[Result "0-1"]
[WhiteElo "1438"]
[BlackElo "1899"]
[PlyCount "56"]
[EventDate "2019.09.08"]
[EventType "swiss"]
[EventRounds "9"]
[EventCountry "ESP"]
[SourceTitle "EXT 2020"]
[Source "ChessBase"]
[SourceDate "2019.10.17"]
[SourceVersion "1"]
[SourceVersionDate "2019.10.17"]
[SourceQuality "1"]

1. d4 Nf6 2. c4 g6 3. Nc3 Bg7 4. e4 d6 5. f3 0-0 6. Bg5 Nbd7 7. Qd2 c5 8. d5 a6 9. a4 Qa5 10. Ra3 Rd8 11. Nge2 Ne5 12. Nc1 Qb4 13. Qe2 e6 14. a5 b5 15. cxb5 axb5 16. Rb3 Qxa5 17. Ra3 b4 18. Rxa5 Rxa5 19. Nd1 exd5 20. f4 Nc4 21. e5 dxe5 22. Ne3 Ra1 23. Kd1 exf4 24. Bxf4 Ne4 25. Nc2 Nxb2+ 26. Ke1 Bc3+ 27. Bd2 Rxc1+ 28. Qd1 Bxd2+ 0-1

[Event "Getxo op 4th"]
[Site "Getxo"]
[Date "2019.09.11"]
[Round "5"]
[White "Zubizarreta Landera, Denis"]
[Black "Arrupe Alkorta, Mikel"]
[Result "1-0"]
[WhiteElo "1438"]
[BlackElo "1009"]
[PlyCount "85"]
[EventDate "2019.09.08"]
[EventType "swiss"]
[EventRounds "9"]
[EventCountry "ESP"]
[SourceTitle "EXT 2020"]
[Source "ChessBase"]
[SourceDate "2019.10.17"]
[SourceVersion "1"]
[SourceVersionDate "2019.10.17"]
[SourceQuality "1"]

1. d4 b6 2. c4 Bb7 3. Nc3 e6 4. Bf4 Bb4 5. Qc2 Nf6 6. a3 Bxc3+ 7. Qxc3 h6 8. Nf3 d6 9. e3 Nbd7 10. h3 Qe7 11. Bd3 c5 12. b4 cxd4 13. exd4 Bxf3 14. gxf3 e5 15. 0-0-0 0-0 16. Rde1 exd4 17. Qxd4 Qd8 18. Qxd6 Qc8 19. Qc7 Rd8 20. Rhg1 Ne8 21. Qxc8 Raxc8 22. Bxh6 a5 23. Rg4 Ndf6 24. Bg5 Rxd3 25. Bxf6 Nxf6 26. Rg3 axb4 27. axb4 Rxc4+ 28. Kb2 Rxb4+ 29. Kc2 Rd5 30. Kc3 Rbb5 31. Reg1 Rbc5+ 32. Kb3 g6 33. f4 Rd4 34. Rf3 Ne4 35. Kb2 Rb4+ 36. Ka3 Rc3+ 37. Rxc3 Rb5 38. Rb3 Ra5+ 39. Kb2 Nd6 40. Rc1 b5 41. Ra3 Nc4+ 42. Rxc4 Rxa3 43. Rc8+ 1-0